000 00269nam a2200097Ia 4500
001 1250515
005 20251031150857.0
008 251031s9999 xx 000 0 und d
245 0 _cYÜKSEL YILMAZ
_aI-1 NÖROLOJİK OLARAK RİSKLİ BEBEK
260 _bHAYY KİTAP YAYINLARI
999 _c1250515
_d1250515